000 01427namaa22003251i 4500
005 20260510140500.0
008 260510s1994 ua a|||frm||| 000 0 eng d
040 _aEG-GICUC
_beng
_cEG-GICUC
_dEG-GICUC
_erda
041 0 _aeng
_beng
_bara
049 _aDeposite
097 _aM.Sc
099 _aCai01.11.28.M.Sc.1994.Ma.C.
100 0 _aManal Farouk Gad,
_epreparation.
245 1 0 _aClinico-Labortory Evaluation Of Hyperuricemia In Chronic Hemolytic Anaemias /
_cBy Manal Farouk Gad; Supervisors Dr. Amal EL Beshlawy, Dr. Samia Risk, Dr. Mona EL Tagyi.
246 r 5 _aالتقييم الإكلينيكي المعملي لزيادة حمض البوليك في الدم في مرض الأنيميا المزمنة الناتجة عن تكسير كرات الدم الحمراء /
264 0 _c1994.
300 _a100 pages :
_billustrations ;
_c30 cm. +
336 _2rda content
_atext
337 _2rdamedia
_aUnmediated
338 _2rdacarrier
_avolume
502 _aThesis (M.Sc.) -Cairo University,1994.
504 _aBibliography: pages 89-100.
653 0 _aPediatrics
700 0 _aAmal EL Beshlawy
_ethesis advisor.
700 0 _aSamia Risk
_ethesis advisor.
700 0 _aMona EL Tagyi
_ethesis advisor.
900 _DDepartment of Pediatrics
_FFaculty of Medicine
_UCairo University
_b1994
_cAmal EL Beshlawy
_cSamia Risk
_cMona EL Tagyi
905 _aEman El gebaly
942 _2ddc
_cTH
_e21
_n0
999 _c180080